[Event "Chess24 Banter Blitz Cup Final"]
[Site "chess24.com INT"]
[Date "2020.09.26"]
[Round "3.6"]
[White "Aronian, Levon"]
[Black "Carlsen, Magnus"]
[Result "0-1"]
[WhiteElo "2773"]
[BlackElo "2863"]
[PlyCount "108"]
[EventDate "2020.09.21"]
[EventType "k.o. (blitz)"]
[EventRounds "4"]
[EventCountry "GER"]
[SourceTitle "EXT 2021"]
[Source "ChessBase"]
[SourceDate "2020.10.23"]
[SourceVersion "1"]
[SourceVersionDate "2020.10.23"]
[SourceQuality "1"]

1. e4 e5 2. Nf3 Nc6 3. Bc4 Bc5 4. c3 Nf6 5. d4 exd4 6. e5 d5 7. Bb5 Ne4 8. cxd4
Bb6 9. Nc3 O-O 10. Be3 Bg4 11. h3 Bh5 12. Qc2 Bg6 13. Qb3 Ne7 14. O-O c6 15.
Bd3 Qd7 16. Rfe1 Nxc3 17. Qxc3 Bxd3 18. Qxd3 Ng6 19. Bd2 f6 20. e6 Qd6 21. Re2
Rfe8 22. Rae1 Re7 23. Qb3 Nf4 24. Bxf4 Qxf4 25. g3 Qd6 26. a3 Ba5 27. Rd1 Rae8
28. Nh4 Qb8 29. Qa4 Qd8 30. b4 Bb6 31. Rde1 g6 32. b5 Qd6 33. bxc6 bxc6 34. Ng2
Rxe6 35. Rxe6 Rxe6 36. Rxe6 Qxe6 37. Nf4 Qe1+ 38. Kg2 Qe4+ 39. Kg1 Qxd4 40. Qc2
Kf7 41. Qe2 Qe4 42. Qd1 Ke7 43. h4 Kd6 44. h5 g5 45. Nd3 c5 46. Qd2 c4 47. Qb4+
Kc6 48. Qa4+ Kc7 49. Nb4 Qe1+ 50. Kg2 Qxf2+ 51. Kh3 Qf1+ 52. Kg4 Qe2+ 53. Kf5
Qe5+ 54. Kg4 Qe6+ 0-1

[Event "Chess24 Banter Blitz Cup Final"]
[Site "chess24.com INT"]
[Date "2020.09.26"]
[Round "3.7"]
[White "Carlsen, Magnus"]
[Black "Aronian, Levon"]
[Result "1-0"]
[WhiteElo "2863"]
[BlackElo "2773"]
[PlyCount "129"]
[EventDate "2020.09.21"]
[EventType "k.o. (blitz)"]
[EventRounds "4"]
[EventCountry "GER"]
[SourceTitle "EXT 2021"]
[Source "ChessBase"]
[SourceDate "2020.10.23"]
[SourceVersion "1"]
[SourceVersionDate "2020.10.23"]
[SourceQuality "1"]

1. d4 Nf6 2. c4 g6 3. Nc3 d5 4. cxd5 Nxd5 5. e4 Nxc3 6. bxc3 Bg7 7. Bc4 O-O 8.
Ne2 Nc6 9. O-O e5 10. Be3 Qe7 11. Qc2 Rd8 12. d5 Na5 13. Bd3 b6 14. Rad1 Bd7
15. f4 exf4 16. Nxf4 c5 17. c4 Nb7 18. Bd2 Nd6 19. Rde1 Be5 20. a4 a5 21. Kh1
Re8 22. Ne2 Qh4 23. Bf4 f6 24. Bxe5 fxe5 25. Ng1 Qe7 26. Nf3 Bg4 27. Nd2 Rf8
28. Qb2 Rxf1+ 29. Rxf1 Rb8 30. h3 Bd7 31. Nf3 Nf7 32. Bc2 Qd6 33. Ne1 Re8 34.
Nd3 Kg7 35. Rb1 Rb8 36. Qc3 h5 37. Kg1 Qe7 38. Rf1 Re8 39. Qb2 Qd6 40. Rf3 Ng5
41. Re3 Nf7 42. Bd1 Rb8 43. Ne1 Re8 44. Rg3 Kh7 45. Qf2 Rf8 46. Rf3 Kg7 47. Nd3
Qe7 48. Bc2 h4 49. Bd1 g5 50. Qb2 Qd6 51. Rf1 Re8 52. Bh5 Re7 53. Bxf7 Rxf7 54.
Rxf7+ Kxf7 55. Nxe5+ Ke8 56. Nxd7 Kxd7 57. e5 Qg6 58. e6+ Ke7 59. Qxb6 Qe4 60.
Qxc5+ Kf6 61. Qf8+ Kg6 62. Qf7+ Kh6 63. Qf6+ Kh7 64. Qxg5 Qe1+ 65. Kh2 1-0

[Event "Chess24 Banter Blitz Cup Final"]
[Site "chess24.com INT"]
[Date "2020.09.26"]
[Round "3.8"]
[White "Aronian, Levon"]
[Black "Carlsen, Magnus"]
[Result "0-1"]
[WhiteElo "2773"]
[BlackElo "2863"]
[PlyCount "98"]
[EventDate "2020.09.21"]
[EventType "k.o. (blitz)"]
[EventRounds "4"]
[EventCountry "GER"]
[SourceTitle "EXT 2021"]
[Source "ChessBase"]
[SourceDate "2020.10.23"]
[SourceVersion "1"]
[SourceVersionDate "2020.10.23"]
[SourceQuality "1"]

1. e4 c5 2. Nf3 d6 3. d4 cxd4 4. Qxd4 Nf6 5. Nc3 Nc6 6. Qe3 e6 7. b3 d5 8. exd5
Nxd5 9. Nxd5 Qxd5 10. Bc4 Qc5 11. Qe2 Qa5+ 12. Kf1 Be7 13. Bb2 Bf6 14. Bxf6
gxf6 15. Nd2 Bd7 16. Ne4 Ke7 17. Qe3 Rad8 18. Ke2 Rhg8 19. g3 Ne5 20. Qf4 Rg6
21. Rhd1 Nxc4 22. bxc4 Qe5 23. Qe3 f5 24. Nd6 Qxe3+ 25. Kxe3 Bc6 26. c5 Rh6 27.
h4 f4+ 28. Kxf4 Rf6+ 29. Ke3 Rf3+ 30. Kd4 Rxf2 31. Rf1 Rxf1 32. Rxf1 f6 33. g4
e5+ 34. Kc4 Ke6 35. g5 Rf8 36. gxf6 Rxf6 37. Rxf6+ Kxf6 38. Kd3 Kg6 39. Ke3 Kh5
40. Nc4 Kxh4 41. Nxe5 Kg3 42. Nc4 h5 43. Nd6 h4 44. Nf5+ Kg4 45. Nh6+ Kg5 46.
Nf7+ Kf6 47. Nh6 Kg5 48. Nf7+ Kg6 49. Ne5+ Kf5 0-1

[Event "Chess24 Banter Blitz Cup Final"]
[Site "chess24.com INT"]
[Date "2020.09.29"]
[Round "4.1"]
[White "Carlsen, Magnus"]
[Black "So, Wesley"]
[Result "1-0"]
[WhiteElo "2863"]
[BlackElo "2770"]
[PlyCount "159"]
[EventDate "2020.09.21"]
[EventType "k.o. (blitz)"]
[EventRounds "4"]
[EventCountry "GER"]
[SourceTitle "EXT 2021"]
[Source "ChessBase"]
[SourceDate "2020.10.23"]
[SourceVersion "1"]
[SourceVersionDate "2020.10.23"]
[SourceQuality "1"]

1. f3 e5 2. Kf2 d5 3. e3 Nc6 4. Bb5 Nge7 5. d4 a6 6. Ba4 exd4 7. exd4 Nf5 8.
Ne2 Bd6 9. c3 O-O 10. Nd2 Re8 11. Nf1 Bd7 12. Bc2 Qh4+ 13. g3 Qf6 14. Bf4 Nce7
15. Bxd6 Nxd6 16. Ne3 Bf5 17. Nf4 c6 18. Re1 Qh6 19. h4 Qf6 20. Bxf5 Nexf5 21.
Ng4 Qd8 22. Qd3 Qb6 23. b3 Qb5 24. a4 Qxb3 25. Reb1 Qc4 26. Qd2 a5 27. Ne5 Qa6
28. h5 f6 29. Ned3 Nc4 30. Qa2 b6 31. g4 Nfd6 32. Re1 Qb7 33. Ne6 Qd7 34. Ndf4
Re7 35. Re2 Rae8 36. Rae1 Nf7 37. Qb1 Ng5 38. Nxg5 fxg5 39. Rxe7 Rxe7 40. Nd3
Re6 41. Ne5 Qe7 42. Re2 h6 43. Qf5 Rf6 44. Qc8+ Qf8 45. Qxf8+ Rxf8 46. Nxc6 Kf7
47. Re7+ Kf6 48. Rd7 Rc8 49. Ne7 Ke6 50. Ra7 Rf8 51. Nf5 Rf7 52. Nxg7+ Kf6 53.
Rxf7+ Kxf7 54. Nf5 Nb2 55. Ke2 Nxa4 56. Nxh6+ Kf6 57. Kd3 Nb2+ 58. Kc2 Nc4 59.
Nf5 b5 60. h6 Kg6 61. Ne7+ Kxh6 62. Nxd5 Kg6 63. Nc7 Nd6 64. Kb3 Kf6 65. Nd5+
Ke6 66. Ne3 Kd7 67. Ng2 Kc6 68. f4 Ne4 69. fxg5 Nxg5 70. Nf4 Ne4 71. Nh3 a4+
72. Kb4 a3 73. Kxa3 Nxc3 74. g5 Kd5 75. g6 Ne4 76. Ng5 Nf6 77. Nf3 Ke4 78. g7
Kf5 79. Ne5 Kg5 80. Kb4 1-0

[Event "Chess24 Banter Blitz Cup Final"]
[Site "chess24.com INT"]
[Date "2020.09.29"]
[Round "4.2"]
[White "So, Wesley"]
[Black "Carlsen, Magnus"]
[Result "0-1"]
[WhiteElo "2770"]
[BlackElo "2863"]
[PlyCount "128"]
[EventDate "2020.09.21"]
[EventType "k.o. (blitz)"]
[EventRounds "4"]
[EventCountry "GER"]
[SourceTitle "EXT 2021"]
[Source "ChessBase"]
[SourceDate "2020.10.23"]
[SourceVersion "1"]
[SourceVersionDate "2020.10.23"]
[SourceQuality "1"]

1. e4 Nf6 2. e5 Nd5 3. d4 d6 4. Nf3 dxe5 5. Nxe5 g6 6. Bc4 Be6 7. O-O Nd7 8.
Re1 Nxe5 9. Rxe5 Bg7 10. Re1 O-O 11. Bb3 a5 12. a4 c5 13. dxc5 Nb4 14. Bxe6
Qxd1 15. Rxd1 Nxc2 16. Ra2 fxe6 17. b3 Rfd8 18. Rf1 Nd4 19. Nd2 Rac8 20. Ba3
Bh6 21. Nc4 Nxb3 22. g3 Rd4 23. Rc2 Nd2 24. Nxd2 Bxd2 25. Rb1 Rc7 26. Rb3 Kf7
27. Rcb2 Bc1 28. Rb1 Bxa3 29. Rxa3 e5 30. Rb5 Rc4 31. Rxa5 R7xc5 32. Rxc5 Rxc5
33. a5 h5 34. h4 Kf6 35. a6 bxa6 36. Rxa6+ e6 37. Ra4 Kf5 38. Ra2 e4 39. Kg2 e5
40. Ra3 Rc2 41. Rb3 Rd2 42. Kf1 Rd3 43. Rb1 e3 44. Ke2 Ra3 45. f3 Ra2+ 46. Kxe3
Rg2 47. Rb8 Rxg3 48. Rf8+ Ke6 49. Ke4 Rh3 50. Re8+ Kf6 51. Rf8+ Kg7 52. Ra8
Rxh4+ 53. Kxe5 Rb4 54. f4 h4 55. Rc8 h3 56. Rc2 Rb5+ 57. Ke4 Rh5 58. Rh2 Kf6
59. Kf3 Kf5 60. Kg3 Rh8 61. Kf3 Ra8 62. Kg3 Ra3+ 63. Kh4 Kxf4 64. Rf2+ Rf3 0-1

[Event "Chess24 Banter Blitz Cup Final"]
[Site "chess24.com INT"]
[Date "2020.09.29"]
[Round "4.3"]
[White "Carlsen, Magnus"]
[Black "So, Wesley"]
[Result "1/2-1/2"]
[WhiteElo "2863"]
[BlackElo "2770"]
[PlyCount "106"]
[EventDate "2020.09.21"]
[EventType "k.o. (blitz)"]
[EventRounds "4"]
[EventCountry "GER"]
[SourceTitle "EXT 2021"]
[Source "ChessBase"]
[SourceDate "2020.10.23"]
[SourceVersion "1"]
[SourceVersionDate "2020.10.23"]
[SourceQuality "1"]

1. d4 Nf6 2. c4 e6 3. Nf3 d5 4. Nc3 c5 5. cxd5 cxd4 6. Nxd4 Nxd5 7. Bd2 Be7 8.
e4 Nxc3 9. Bxc3 O-O 10. Be2 Qb6 11. O-O Rd8 12. Qb3 Na6 13. Qxb6 axb6 14. Bxa6
Rxa6 15. a3 Bd7 16. Rfd1 Kf8 17. Nc2 Raa8 18. Kf1 Bb5+ 19. Ke1 Bd3 20. Ne3 Bxe4
21. f3 Bc6 22. Nc4 b5 23. Ne5 Bd5 24. Rac1 f6 25. Nd3 Bb3 26. Rd2 Rac8 27. Bb4
Bxb4 28. axb4 Rxc1+ 29. Nxc1 Rxd2 30. Kxd2 Bc4 31. b3 Bd5 32. Ne2 Bxb3 33. Nc3
Bc4 34. f4 h5 35. Ke3 Kf7 36. g3 Kg6 37. Ne4 Kf5 38. Nd6+ Kg4 39. Ne8 g6 40.
Nxf6+ Kh3 41. Nd7 Kxh2 42. Kf2 Bd5 43. Nf8 e5 44. fxe5 g5 45. e6 h4 46. g4 Kh3
47. e7 Bc6 48. Ng6 Bd7 49. Ne5 Be8 50. Kf3 Kh2 51. Kf2 Kh3 52. Kf3 Kh2 53. Kf2
Kh3 1/2-1/2

[Event "Chess24 Banter Blitz Cup Final"]
[Site "chess24.com INT"]
[Date "2020.09.29"]
[Round "4.4"]
[White "So, Wesley"]
[Black "Carlsen, Magnus"]
[Result "1-0"]
[WhiteElo "2770"]
[BlackElo "2863"]
[PlyCount "79"]
[EventDate "2020.09.21"]
[EventType "k.o. (blitz)"]
[EventRounds "4"]
[EventCountry "GER"]
[SourceTitle "EXT 2021"]
[Source "ChessBase"]
[SourceDate "2020.10.23"]
[SourceVersion "1"]
[SourceVersionDate "2020.10.23"]
[SourceQuality "1"]

1. e4 e5 2. Nf3 Nc6 3. Bc4 Bc5 4. c3 Nf6 5. d3 d6 6. O-O h6 7. Re1 a6 8. a4 O-O
9. h3 Re8 10. Nbd2 Ba7 11. b4 Be6 12. Bxe6 Rxe6 13. Bb2 Ne7 14. d4 Ng6 15. c4
a5 16. b5 exd4 17. Nxd4 Re8 18. Ra3 Bxd4 19. Bxd4 Re6 20. Rae3 b6 21. g3 Nd7
22. f4 Re8 23. Qg4 Nc5 24. Nf3 Qd7 25. Bxc5 Qxg4 26. hxg4 dxc5 27. Rd1 Rad8 28.
Rd5 Ne7 29. Rdd3 f6 30. e5 f5 31. g5 Ng6 32. gxh6 gxh6 33. Kf2 Kf7 34. Ke2 h5
35. Rd5 Rxd5 36. cxd5 Rd8 37. Rd3 Ne7 38. Ng5+ Kg6 39. d6 cxd6 40. Rxd6+ 1-0

[Event "Chess24 Banter Blitz Cup Final"]
[Site "chess24.com INT"]
[Date "2020.09.29"]
[Round "4.5"]
[White "Carlsen, Magnus"]
[Black "So, Wesley"]
[Result "1-0"]
[WhiteElo "2863"]
[BlackElo "2770"]
[PlyCount "93"]
[EventDate "2020.09.21"]
[EventType "k.o. (blitz)"]
[EventRounds "4"]
[EventCountry "GER"]
[SourceTitle "EXT 2021"]
[Source "ChessBase"]
[SourceDate "2020.10.23"]
[SourceVersion "1"]
[SourceVersionDate "2020.10.23"]
[SourceQuality "1"]

1. c4 Nf6 2. Nc3 e5 3. e3 Bb4 4. Nge2 O-O 5. a3 Bxc3 6. Nxc3 d5 7. cxd5 Nxd5 8.
Qc2 c5 9. Bd3 h6 10. Nxd5 Qxd5 11. Bh7+ Kh8 12. Be4 Qd6 13. b4 Na6 14. b5 Nc7
15. a4 Rb8 16. O-O b6 17. Bb2 f5 18. Bc6 Bb7 19. Bxb7 Rxb7 20. d4 exd4 21. exd4
Ne6 22. dxc5 Nxc5 23. Rad1 Qg6 24. Rfe1 Kh7 25. Rd5 f4 26. Qxg6+ Kxg6 27. Ba3
Rf5 28. Rd4 Rc7 29. Rc4 Rd5 30. Bxc5 Rdxc5 31. Rxf4 Rc4 32. Rxc4 Rxc4 33. Ra1
Rc5 34. f3 a6 35. bxa6 Ra5 36. Rb1 Rxa6 37. Rb4 Kf5 38. g4+ Ke5 39. Kf2 g5 40.
Kg3 Kd5 41. h4 Kc6 42. hxg5 hxg5 43. f4 gxf4+ 44. Rxf4 Kd5 45. g5 Ke5 46. Kg4
Ra8 47. g6 1-0

[Event "Chess24 Banter Blitz Cup Final"]
[Site "chess24.com INT"]
[Date "2020.09.29"]
[Round "4.6"]
[White "So, Wesley"]
[Black "Carlsen, Magnus"]
[Result "1-0"]
[WhiteElo "2770"]
[BlackElo "2863"]
[PlyCount "49"]
[EventDate "2020.09.21"]
[EventType "k.o. (blitz)"]
[EventRounds "4"]
[EventCountry "GER"]
[SourceTitle "EXT 2021"]
[Source "ChessBase"]
[SourceDate "2020.10.23"]
[SourceVersion "1"]
[SourceVersionDate "2020.10.23"]
[SourceQuality "1"]

1. e4 c6 2. d4 d5 3. e5 Bf5 4. Nf3 e6 5. Be2 Ne7 6. O-O h6 7. Nbd2 Nd7 8. Nb3
Nc8 9. a4 Ncb6 10. a5 Nc4 11. Bd3 Be7 12. Bxf5 exf5 13. e6 fxe6 14. Re1 Kf7 15.
Qe2 Nf8 16. Nc5 Qc8 17. Bf4 g5 18. b3 Nd6 19. Bxd6 Bxd6 20. Ne5+ Kg7 21. Qh5
Bxe5 22. Rxe5 b6 23. Nd3 Ng6 24. Re3 Qd7 25. Qxg6+ 1-0

[Event "Chess24 Banter Blitz Cup Final"]
[Site "chess24.com INT"]
[Date "2020.09.29"]
[Round "4.7"]
[White "Carlsen, Magnus"]
[Black "So, Wesley"]
[Result "1/2-1/2"]
[WhiteElo "2863"]
[BlackElo "2770"]
[PlyCount "88"]
[EventDate "2020.09.21"]
[EventType "k.o. (blitz)"]
[EventRounds "4"]
[EventCountry "GER"]
[SourceTitle "EXT 2021"]
[Source "ChessBase"]
[SourceDate "2020.10.23"]
[SourceVersion "1"]
[SourceVersionDate "2020.10.23"]
[SourceQuality "1"]

1. c4 Nf6 2. Nc3 e5 3. e3 Nc6 4. a3 d5 5. cxd5 Nxd5 6. Qc2 Be6 7. Nf3 Bd6 8.
Nxd5 Bxd5 9. Bc4 Bxc4 10. Qxc4 O-O 11. d3 Qe7 12. Bd2 a5 13. Bc3 a4 14. h4 Rfe8
15. h5 Qe6 16. Rh4 Qxc4 17. Rxc4 Nd8 18. g4 f6 19. g5 b5 20. Rg4 f5 21. Rg1 c5
22. g6 h6 23. Nh4 Rf8 24. e4 fxe4 25. dxe4 Ne6 26. Nf5 Bc7 27. O-O-O Nd4 28. f4
Ne2+ 29. Kc2 Nxg1 30. Rd7 Rxf5 31. exf5 Ne2 32. Rxc7 Nxc3 33. Kxc3 exf4 34.
Rxc5 f3 35. f6 gxf6 36. Rxb5 Rc8+ 37. Kd3 Re8 38. Rf5 Re5 39. Rxf3 Rxh5 40.
Rxf6 Rb5 41. Kc3 Rc5+ 42. Kd3 Rb5 43. Kc2 Rc5+ 44. Kd3 Rb5 1/2-1/2

[Event "Chess24 Banter Blitz Cup Final"]
[Site "chess24.com INT"]
[Date "2020.09.29"]
[Round "4.8"]
[White "So, Wesley"]
[Black "Carlsen, Magnus"]
[Result "1/2-1/2"]
[WhiteElo "2770"]
[BlackElo "2863"]
[PlyCount "85"]
[EventDate "2020.09.21"]
[EventType "k.o. (blitz)"]
[EventRounds "4"]
[EventCountry "GER"]
[SourceTitle "EXT 2021"]
[Source "ChessBase"]
[SourceDate "2020.10.23"]
[SourceVersion "1"]
[SourceVersionDate "2020.10.23"]
[SourceQuality "1"]

1. e4 c5 2. Nf3 Nc6 3. Nc3 Nf6 4. Bb5 Nd4 5. e5 Nxb5 6. Nxb5 Nd5 7. Ng5 f6 8.
Qf3 Nc7 9. exf6 exf6 10. Qh5+ g6 11. Qe2+ Ne6 12. Nxe6 dxe6 13. b3 Bd7 14. Bb2
Kf7 15. O-O-O a6 16. Nc3 Bc6 17. Ne4 Be7 18. Rhe1 Qd5 19. f3 h5 20. d4 cxd4 21.
Rxd4 Qf5 22. Ng3 Qg5+ 23. Kb1 Qe5 24. Re4 Qb5 25. Qxb5 axb5 26. Rxe6 Rae8 27.
h4 Bd8 28. Rxe8 Rxe8 29. Rxe8 Kxe8 30. Ne4 Bxe4 31. fxe4 f5 32. exf5 gxf5 33.
c4 bxc4 34. bxc4 Bxh4 35. Kc2 Kd7 36. Kd3 Kc6 37. a4 Bg3 38. Bd4 Bd6 39. Bf2
Bc7 40. Be3 Bd6 41. Bf2 Bc7 42. Be3 Bd6 43. Bf2 1/2-1/2

[Event "Chess24 Banter Blitz Cup Final"]
[Site "chess24.com INT"]
[Date "2020.09.29"]
[Round "4.9"]
[White "Carlsen, Magnus"]
[Black "So, Wesley"]
[Result "1-0"]
[WhiteElo "2863"]
[BlackElo "2770"]
[PlyCount "95"]
[EventDate "2020.09.21"]
[EventType "k.o. (blitz)"]
[EventRounds "4"]
[EventCountry "GER"]
[SourceTitle "EXT 2021"]
[Source "ChessBase"]
[SourceDate "2020.10.23"]
[SourceVersion "1"]
[SourceVersionDate "2020.10.23"]
[SourceQuality "1"]

1. c4 c5 2. g3 g6 3. Bg2 Bg7 4. Nc3 Nc6 5. Nf3 e6 6. h4 h6 7. e3 Nge7 8. d4
cxd4 9. Nxd4 d5 10. cxd5 Nxd5 11. O-O O-O 12. Bd2 Nxd4 13. exd4 Ne7 14. Bf4 Nf5
15. Ne2 Qb6 16. Qb3 Bd7 17. Bxb7 Rae8 18. Qxb6 axb6 19. Rfd1 Re7 20. Bg2 Ba4
21. b3 Bb5 22. Nc3 Ba6 23. Be5 f6 24. Bf4 Rd8 25. d5 e5 26. Bc1 Nd4 27. Be3 f5
28. Rac1 Bb7 29. Kh2 Rc7 30. Na4 Rxc1 31. Rxc1 b5 32. Nc5 Bxd5 33. Bxd4 Bxg2
34. Bxe5 Bxe5 35. Kxg2 Rd2 36. Ne6 Kf7 37. Rc6 Rxa2 38. Nd8+ Kg7 39. Rc5 Kf6
40. Nc6 Bd6 41. Rxb5 f4 42. g4 Rd2 43. Kf3 Rd3+ 44. Ke4 Rh3 45. g5+ hxg5 46.
hxg5+ Ke6 47. Nd4+ Kd7 48. Rb7+ 1-0

[Event "Norway Chess Armageddon 8th"]
[Site "Stavanger"]
[Date "2020.10.05"]
[Round "1"]
[White "Aronian, Levon"]
[Black "Carlsen, Magnus"]
[Result "0-1"]
[WhiteElo "2767"]
[BlackElo "2863"]
[PlyCount "74"]
[EventDate "2020.10.05"]
[EventType "tourn (blitz)"]
[EventRounds "10"]
[EventCountry "NOR"]
[SourceTitle "EXT 2021"]
[Source "ChessBase"]
[SourceDate "2020.10.23"]
[SourceVersion "1"]
[SourceVersionDate "2020.10.23"]
[SourceQuality "1"]

1. d4 Nf6 2. c4 e6 3. Nf3 d5 4. Nc3 a6 5. cxd5 exd5 6. Bg5 Be6 7. Bxf6 Qxf6 8.
Qb3 b6 9. g3 Qd8 10. h4 Be7 11. Bh3 O-O 12. O-O-O Bxh3 13. Rxh3 c6 14. e4 dxe4
15. Nxe4 Nd7 16. Qc2 Nf6 17. Ne5 Nxe4 18. Qxe4 Bf6 19. g4 Re8 20. g5 Bxe5 21.
dxe5 Qe7 22. f4 Rad8 23. Rhd3 Rxd3 24. Qxd3 Qe6 25. b3 Qg4 26. Qe4 g6 27. Rd2
c5 28. Qc6 Rf8 29. Qf6 Qxh4 30. Kc2 Qe1 31. Qc6 Qe3 32. Qf6 b5 33. Rd3 Qe2+ 34.
Rd2 Qe4+ 35. Kb2 c4 36. bxc4 bxc4 37. Ka3 Qe3+ 0-1